| 000 | 00410 a2200133 4500 | ||
|---|---|---|---|
| 005 | 20250424111705.0 | ||
| 020 | _a434 91047 3 | ||
| 082 | _a657.95 KEL | ||
| 100 | _aKELLOCK, J. | ||
| 245 | _aA Modern Approach to Company Accounts : Incorporating Company Accounts in the Fundamentals of Accounting Series. | ||
| 260 |
_aLondon _bHeinemann, _c1978. |
||
| 300 |
_aViii, 308p.: ill.; _bIndex _c22cm. |
||
| 942 |
_2ddc _cBKS |
||
| 999 |
_c1636 _d1636 |
||